socilogy introductory an introdctory african text (Record no. 9232)

MARC details
000 -LEADER
fixed length control field 00408nam a22001697a 4500
003 - CONTROL NUMBER IDENTIFIER
control field OSt
005 - DATE AND TIME OF LATEST TRANSACTION
control field 20211005090000.0
008 - FIXED-LENGTH DATA ELEMENTS--GENERAL INFORMATION
fixed length control field 211005b |||||||| |||| 00| 0 eng d
020 ## - INTERNATIONAL STANDARD BOOK NUMBER
International Standard Book Number 0333447999
040 ## - CATALOGING SOURCE
Transcribing agency hu
082 ## - DEWEY DECIMAL CLASSIFICATION NUMBER
Classification number 301./6odo
100 ## - MAIN ENTRY--PERSONAL NAME
Personal name odotolak
9 (RLIN) 9882
245 ## - TITLE STATEMENT
Title socilogy introductory an introdctory african text
260 ## - PUBLICATION, DISTRIBUTION, ETC.
Place of publication, distribution, etc. new werk
Name of publisher, distributor, etc. hall
Date of publication, distribution, etc. 1985
300 ## - PHYSICAL DESCRIPTION
Extent 246
942 ## - ADDED ENTRY ELEMENTS (KOHA)
Source of classification or shelving scheme Dewey Decimal Classification
Koha item type Books like text book referance book
Suppress in OPAC No
Holdings
Withdrawn status Lost status Source of classification or shelving scheme Damaged status Not for loan Home library Current library Shelving location Date acquired Total Checkouts Full call number Barcode Date last seen Copy number Price effective from Koha item type
    Dewey Decimal Classification     Social Library Social Library General Stacks 10/05/2021   301.6/odo SHLIB 00001689 10/05/2021 1 10/05/2021 Books like text book referance book
    Dewey Decimal Classification     Social Library Social Library General Stacks 10/05/2021   301.6 SHLIB 00001690 10/05/2021 2 10/05/2021 Books like text book referance book
    Dewey Decimal Classification     Social Library Social Library General Stacks 10/05/2021   301. SHLIB 00001693 10/05/2021 3 10/05/2021 Books like text book referance book
    Dewey Decimal Classification     Social Library Social Library General Stacks 10/05/2021   301.6/dod SHLIB 00001695 10/05/2021 4 10/05/2021 Books like text book referance book
    Dewey Decimal Classification     Social Library Social Library General Stacks 10/05/2021   301.6/odo SHLIB 00001694 10/05/2021 5 10/05/2021 Books like text book referance book
    Dewey Decimal Classification     Social Library Social Library General Stacks 10/05/2021   301.6/ode SHLIB 00001692 10/05/2021 7 10/05/2021 Books like text book referance book